| 000 | 00387nam a2200145Ia 4500 | ||
|---|---|---|---|
| 008 | 210716s2019 xx 000 0 und d | ||
| 020 | _a9789351193982 | ||
| 041 | _aeng | ||
| 082 | _a153.9 UPSC | ||
| 245 | _aUPSC civil services prelims general studies I. | ||
| 250 | _a1 | ||
| 260 |
_aNew Delhi _bDreamtech Press _c2019 |
||
| 300 | _avii,D91,E86,F62,G64,H91 | ||
| 650 | _aAptitude Test | ||
| 999 |
_c197064 _d197064 |
||